| 000 | 00625 a2200217 4500 | ||
|---|---|---|---|
| 001 | 63415 | ||
| 005 | 20260407155932.0 | ||
| 008 | 260407a1953 arg spa d | ||
| 003 | AR-UNSa-BCEJYS | ||
| 040 |
_aAR-UNSa-BCEJYS _bspa _cAR-UNSa-BCEJYS |
||
| 080 |
_a517.2/3 _xCálculo diferencial e integral |
||
| 245 | 1 | 0 | _aCurso de cálculo infinitesimal |
| 250 | _a6a. ed. | ||
| 264 | 1 |
_aBuenos Aires : _b[s.n.] _c1953 |
|
| 300 |
_a462 p. _c23 cm. |
||
| 505 | _a1. Límites de las funciones de una variable - 2. | ||
| 041 | _aspa | ||
| 942 | _cBK | ||
| 590 | _aniveau_biblio:m niveau_hierar:0 | ||
| 100 | 1 | _aRey Pastor, Julio | |
| 999 |
_c8171 _d8171 |
||